| 000 | 00678nam a2200265 a 4500 | ||
|---|---|---|---|
| 001 | 37828 | ||
| 003 | AR-BaAGN | ||
| 005 | 20231222155843.0 | ||
| 007 | ta | ||
| 008 | 220625s1973 ag |||||r|||| ||||||spa d | ||
| 040 |
_dAR-BaAGN _aAR-BaAGN _bspa _eaacr |
||
| 100 | 1 |
_aDarwin, Charles, _d1809-1882 _96864 |
|
| 245 | 1 | 0 | _aEl origen de las especies |
| 250 | _a1ª ed. | ||
| 260 |
_aBuenos Aires : _bAlbatros, _c1973. |
||
| 300 |
_a332 páginas : _bilustraciones |
||
| 336 |
_2rdacontent _btxt |
||
| 337 |
_2rdamedia _bn |
||
| 338 |
_2rdacarrier _bnc |
||
| 500 | _aTomo I | ||
| 650 | 4 |
_aBIOLOGÍA _91517 |
|
| 942 | _cLIBRO | ||
| 999 |
_c37828 _d37828 |
||